Estatísticas para Pouso forçado

Clique aqui para jogar o quiz

Estatísticas Gerais

  • Esse quiz foi jogado 50 vezes
  • A pontuação média é 7 de 11

Estatísticas das Respostas

HintResposta% Correto
1manetes todas para trás
100%
4booster desligar
75%
5capota abrir em emergência
75%
3gasolina fechar
75%
2magnetos desligar
75%
6paraquedas soltar mosquetões
75%
7cintos e suspensórios ajustar
50%
9TLE ligar
50%
11abandonar a anv após parada total
25%
10bateria e alternador desligar
25%
8trem e flapes de acordo
25%

Distribuição das Pontuações

Percentil de Números Respondidos

Porcentagem de Pessoas com Cada Pontuação

Sua Pontuação Histórica

Você não jogou esse quiz